000 00899nas a2200289 4500
001 BR0705014
003 BR-BrBNA
005 20231205111233.0
007 ta
008 230509b bl.|||p| |||| 00| 00por d
040 _aBR-BrBNA
_bpor
_cBiblioteca Nacional de Agricultura
041 _a(Pt)
072 _aH10
100 1 _aLara, F.M.
100 1 _aSilva, E.A. da
100 1 _aBoiça Junior, A.L.
245 1 _aResistência de genótipos de batata, Solanum spp., a afídeos (Homoptera: Aphididae)e influência sobre parasitóides
650 _aBATATA
650 _aGENÓTIPO
650 _aPULGÃO
650 _aCONTROLE BIOLÓGICO
650 _aJABOTICABAL
650 _aSÃO PAULO
773 0 _tAnais da Sociedade Entomológica do Brasil (Brazil)
_xISSN 0301-8059
_g(Dec 1999), v. 28(4) p. 721-728
_wBR0705014
909 _a202311
_bLúcia
_c55
_dLúcia Elande
942 _2AGRIS
_n0
_cANA
999 _c191533
_d191533